The importance of having a top quality website (Record no. 80380)

MARC details
000 -LEADER
fixed length control field 00890cab a22001935a 4500
001 - CONTROL NUMBER
control field L144199
008 - FIXED-LENGTH DATA ELEMENTS--GENERAL INFORMATION
fixed length control field 080703s2008 xxk f 000 0 eng d
035 ## - SYSTEM CONTROL NUMBER
System control number (Sirsi) u144199
041 0# - LANGUAGE CODE
Language code of text/sound track or separate title eng
100 1# - MAIN ENTRY--PERSONAL NAME
Personal name Knight, Peter
245 04 - TITLE STATEMENT
Title The importance of having a top quality website
260 ## - PUBLICATION, DISTRIBUTION, ETC.
Date of publication, distribution, etc. 2008
490 ## - SERIES STATEMENT
Series statement Estate Agency News
Volume/sequential designation (245) June 2008, 16(1)
520 ## - SUMMARY, ETC.
Summary, etc. Discusses the need for high quality websites in estate agency, stating that newspapers, magazines and traditional media are of little use for competitive estate agency. Makes recommendations including: aiming your site at your target audience; making it easy for potential clients to find your site online; utilising property portals and linking the electronic and traditional media produced by your business.
590 ## - LOCAL NOTE (RLIN)
Local note KA
651 #4 - SUBJECT ADDED ENTRY--GEOGRAPHIC NAME
Geographic name United Kingdom
Chronological subdivision
690 ## - LOCAL SUBJECT ADDED ENTRY--TOPICAL TERM (OCLC, RLIN)
Topical term or geographic name as entry element PROPERTY-PROPERTY AGENCY
942 ## - ADDED ENTRY ELEMENTS (KOHA)
Suppress in OPAC 0
Holdings
Withdrawn status Lost status Source of classification or shelving scheme Damaged status Not for loan Home library Current library Shelving location Date acquired Total Checkouts Full call number Barcode Date last seen Copy number Price effective from Koha item type
    Dewey Decimal Classification     London London Journal article 03/07/2008   L144199 144199-1001 06/08/2019 1 06/08/2019 Journal article